[Event "Titled Tue 1st Apr Early"]
[Site "chess.com INT"]
[Date "2025.04.01"]
[Round "9"]
[White "Narayanan, SL."]
[Black "Deac, Bogdan-Daniel"]
[Result "1-0"]
[WhiteElo "2622"]
[BlackElo "2692"]
[PlyCount "139"]
[EventDate "2025.04.01"]

1. Nf3 d5 2. e3 Nf6 3. c4 e6 4. b3 Bd6 5. Bb2 O-O 6. Nc3 c5 7. cxd5 exd5 8. d4 Nc6 9. Be2 cxd4 10. Nxd4 Nxd4 11. Qxd4 Re8 12. O-O Be5 13. Qd2 d4 14. exd4 Qxd4 15. Qxd4 Bxd4 16. Bf3 Rb8 17. Rad1 $146 ({RR} 17. Rfd1 Be5 18. Na4 Bxb2 19. Nxb2 Bg4 20. Bxg4 Nxg4 21. h3 Nf6 22. Nc4 b6 23. Kf1 g6 24. Rd6 Kg7 25. Rad1 Re7 26. Rd8 Rxd8 27. Rxd8 Ne4 28. Rd3 Rc7 29. f3 Nc5 30. Rd6 Ne6 31. Kf2 Nf4 {Xie,F (2359)-Stella,A (2397) Dubai UAE 2024 ½-½ (35)}) ({RR} 17. Rfd1 Be5 18. Na4 Bxb2 19. Nxb2 Bg4 20. Bxg4 Nxg4 21. h3 Nf6 22. Nc4 b6 23. Kf1 g6 24. Rd6 Kg7 25. Rad1 Re7 26. Rd8 Rxd8 27. Rxd8 Ne4 28. Rd3 Rc7 29. f3 Nc5 30. Rd6 Ne6 31. Kf2 Nf4 {Xie,F (2359)-Stella,A (2397) Dubai UAE 2024 ½-½ (35)}) 17... Be5 18. Rfe1 Bg4 19. Bxg4 Nxg4 20. h3 Nf6 21. Na4 Bxb2 22. Nxb2 Rxe1+ 23. Rxe1 Kf8 24. Nc4 Rd8 25. Rc1 Nd5 26. g3 f6 27. h4 b6 28. a3 Kf7 29. Rd1 Ke6 30. Ne3 Rd7 31. Nc2 Nc3 32. Re1+ Kf7 33. Ne3 Rd3 34. Nf5 Rd7 35. Kg2 Nd5 36. Rd1 g6 37. Nd4 Nc3 38. Rc1 Rxd4 39. Rxc3 Rd7 40. b4 f5 41. b5 Re7 42. a4 Kf6 43. Rc6+ Re6 44. Rc7 Re7 45. Rc4 Rd7 46. Kf3 Kg7 47. Kf4 Re7 48. f3 Kh6 49. Rc6 Kh5 50. Rc1 Kh6 51. h5 Rd7 52. hxg6 hxg6 53. Ke5 Rd3 54. Kf6 Rd6+ 55. Kf7 Rd7+ 56. Ke6 Rd3 57. Kf6 Rd6+ 58. Ke5 Rd3 59. Rc7 Rxf3 60. Rxa7 Rxg3 61. Ra6 Ra3 62. Rxb6 Rxa4 63. Rd6 Rb4 64. b6 f4 65. Kf6 Kh5 66. Rd5+ Kg4 67. Rg5+ Kf3 68. Kxg6 Rxb6+ 69. Kh5 Ke3 70. Kg4 1-0

[Event "Titled Tue 1st Apr Early"]
[Site "chess.com INT"]
[Date "2025.04.01"]
[Round "10"]
[White "Murzin, Volodar"]
[Black "Kazakouski, Valery"]
[Result "1-0"]
[WhiteElo "2658"]
[BlackElo "2551"]
[PlyCount "121"]
[EventDate "2025.04.01"]

1. Nf3 d5 2. d3 Nc6 3. Nbd2 e5 4. g3 Nf6 5. e4 dxe4 6. dxe4 Bc5 7. Bg2 a5 8. O-O O-O 9. h3 b6 10. c3 $146 ({RR} 10. c4 Qe7 11. Qe2 Bb7 12. Nb3 Bd6 13. a4 Rfd8 14. Nh4 Bb4 15. Bg5 h6 16. Nf5 Qe6 17. Bxf6 Qxf6 18. Rfd1 Ne7 19. Ne3 c6 20. Rxd8+ Rxd8 21. Rd1 Nc8 22. c5 bxc5 23. Nc2 Rxd1+ 24. Qxd1 c4 {Pizarro Segura,E (2183)-Vives Font,R Barcelona 2001 ½-½ (31)}) 10... Ba6 11. Re1 Qd6 12. Bf1 Bxf1 13. Kxf1 Rfd8 14. a4 Qe6 15. Kg2 Rd7 16. Qb3 Qe8 17. Qc4 Rd6 18. Nb3 Nd7 19. Nxc5 Nxc5 20. Be3 Nd3 21. Re2 Rad8 22. Rd2 Qe6 23. Qxe6 Rxe6 24. Rc2 Red6 25. Nd2 f6 26. Nc4 R6d7 27. Kf1 Kf7 28. Ke2 Ke6 29. Rd2 h5 30. Rad1 Nc5 31. Bxc5 bxc5 32. Rxd7 Rxd7 33. Rg1 Rd8 34. h4 Kf7 35. f3 Ke6 36. Rh1 Kf7 37. Ne3 Ne7 38. Rc1 Ke6 39. Rc2 g6 40. g4 Rd7 41. Rc1 Rd8 42. Rg1 Kf7 43. g5 f5 44. Nc4 Nc6 45. exf5 gxf5 46. Ke3 Kg6 47. Ke2 Kf7 48. Rd1 Rxd1 49. Kxd1 Ke6 50. Ke2 Kd5 51. b3 Ke6 52. Kd3 Kd5 53. Ne3+ Ke6 54. Kc4 Ne7 55. Kxc5 f4 56. Ng2 Ng6 57. b4 e4 58. fxe4 f3 59. Ne3 Nxh4 60. bxa5 Ng2 61. Nf1 1-0

[Event "Titled Tue 1st Apr Early"]
[Site "chess.com INT"]
[Date "2025.04.01"]
[Round "10"]
[White "Theodorou, Nikolas"]
[Black "Moroni, L."]
[Result "1-0"]
[WhiteElo "2611"]
[BlackElo "2555"]
[PlyCount "149"]
[EventDate "2025.04.01"]

1. Nf3 d5 2. b3 c5 3. Bb2 Nf6 4. e3 Nc6 5. Bb5 Bd7 6. O-O e6 7. d3 Bd6 8. Bxc6 Bxc6 9. Ne5 Nd7 ({RR} 9... Rc8 10. Nd2 b5 11. c4 a6 12. Nxc6 Rxc6 13. cxd5 exd5 14. a4 O-O 15. axb5 axb5 16. Qf3 Qc7 17. g3 Be5 18. Rfb1 h6 19. Qe2 Rb8 20. Bxe5 Qxe5 21. d4 Qf5 22. dxc5 Rxc5 23. Rc1 Rc2 24. Qf3 {Mamedyarov,S (2740)-Maghsoodloo,P (2719) Kolkata IND 2022 ½-½}) ({RR} 9... Qc7 10. f4 Nd7 11. Qh5 g6 12. Qh4 Bxe5 13. fxe5 Nxe5 14. Qf6 d4 15. Qxh8+ Kd7 16. Qxa8 Qd6 17. e4 f5 18. Nd2 b6 19. Qxa7+ {1-0 (19) Topalov,A (2233)-Kriti,M (1787) chess.com INT 2024}) 10. Nxc6 bxc6 11. Nd2 $146 ({RR} 11. Qg4 Bf8 12. c4 h5 13. Qf3 h4 14. h3 Qg5 15. Nc3 Bd6 16. Na4 Qg6 17. d4 cxd4 18. exd4 Rh5 19. cxd5 cxd5 20. Rac1 Rf5 21. Qe2 Qg5 22. Qg4 Qf6 23. Rc6 Bf4 24. Ba3 Qxd4 25. Nc5 Nxc5 {Arabidze,M (2422)-Yeritsyan,H (2228) chess.com INT 2022 0-1 (64)}) ({RR} 11. Qg4 Bf8 12. c4 h5 13. Qf3 h4 14. h3 Qg5 15. Nc3 Bd6 16. Na4 Qg6 17. d4 cxd4 18. exd4 Rh5 19. cxd5 cxd5 20. Rac1 Rf5 21. Qe2 Qg5 22. Qg4 Qf6 23. Rc6 Bf4 24. Ba3 Qxd4 25. Nc5 Nxc5 {Arabidze,M (2422)-Yeritsyan,H (2228) chess.com INT 2022 0-1 (64)}) 11... Be5 12. Bxe5 Nxe5 13. Qh5 Qf6 14. f4 Ng6 15. f5 exf5 16. Qxf5 Qxf5 17. Rxf5 f6 18. Nb1 O-O-O 19. Nc3 Rhe8 20. Kf2 Ne5 21. h3 Kc7 22. Na4 Kd6 23. Rd1 Re6 24. Ke2 Rde8 25. Kd2 g6 26. Rf2 f5 27. c4 d4 28. exd4 cxd4 29. b4 Nd7 30. Rb1 Re3 31. a3 Ne5 32. Nc5 Nd7 33. Nb3 Ne5 34. Nc5 Re7 35. Rf4 Nf3+ 36. Rxf3 Re2+ 37. Kc1 Rxg2 38. Rf1 Ree2 39. Nb3 Ke5 40. b5 cxb5 41. cxb5 f4 42. a4 g5 43. a5 Rc2+ 44. Kd1 Rc3 45. Nc1 Rc8 46. b6 axb6 47. axb6 Rb8 48. b7 Kd6 49. Ne2 Kc7 50. Nxd4 Rxb7 51. Ne6+ Kc8 52. Rxb7 Kxb7 53. Re1 Kc6 54. Re5 h6 55. Re4 Kd5 56. Nc7+ Kd6 57. Ne8+ Kc5 58. Nf6 Rg3 59. d4+ Kc4 60. d5+ Kc5 61. Re6 Rxh3 62. Ke2 h5 63. d6 Rh2+ 64. Kd3 Rh3+ 65. Kd2 Rh2+ 66. Kc3 Rh3+ 67. Kc2 Rh2+ 68. Kd1 Rh1+ 69. Ke2 Rh2+ 70. Kf1 Rd2 71. d7 Rd3 72. Re8 Rd1+ 73. Ke2 Rxd7 74. Nxd7+ Kd6 75. Nf6 1-0

[Event "Titled Tue 1st Apr Early"]
[Site "chess.com INT"]
[Date "2025.04.01"]
[Round "11"]
[White "Svane, R."]
[Black "Mekhitarian, K."]
[Result "1-0"]
[WhiteElo "2627"]
[BlackElo "2564"]
[PlyCount "116"]
[EventDate "2025.04.01"]

1. Nf3 d5 2. g3 Nc6 3. d4 Bf5 4. Bg2 Nb4 5. Na3 e6 6. O-O Be7 7. c3 Nc6 8. Qb3 Rb8 9. Re1 ({RR} 9. Ne5 Nf6 10. Qa4 O-O 11. Nxc6 bxc6 12. Qxc6 a5 13. Qa4 c5 14. Nc2 Qb6 15. dxc5 Bxc5 16. Nd4 Bg6 17. Nb3 Ra8 18. Nxc5 Qxc5 19. Be3 Qc7 20. c4 Rab8 21. cxd5 Nxd5 22. Bxd5 exd5 23. Bf4 Qe7 {Praggnanandhaa,R (2741)-Niemann,H (2734) chess.com INT 2025 1-0 (48)}) 9... h6 10. Qa4 $146 ({RR} 10. c4 Nf6 11. cxd5 exd5 12. Nb5 a6 13. Nc3 O-O 14. Bf4 Na5 15. Qd1 Nc4 16. b3 Bb4 17. Qc1 Ba3 18. Qd1 Bb2 19. Na4 Bxa1 20. Qxa1 Nd6 21. h4 Be4 22. Nc3 Re8 23. Qc1 Rc8 24. Bh3 Bf5 {Svane,R (2624)-Mekhitarian,K (2562) chess.com INT 2025 0-1 (76)}) ({RR} 10. Ne5 Nxe5 11. dxe5 Bxa3 12. Qxa3 Ne7 13. Qxa7 O-O 14. Qc5 b6 15. Qb5 c6 16. Qb3 c5 17. f4 Nc6 18. Be3 Na5 19. Qd1 Nc4 20. Bc1 d4 21. cxd4 cxd4 22. b3 Ne3 23. Bxe3 dxe3 24. Bf3 g5 {Svane,R (2651)-Lorparizangeneh,S (2502) Chess.com INT 2022 1-0 (55)}) 10... Nf6 11. Ne5 O-O 12. Nxc6 bxc6 13. Qxc6 Rb6 14. Qa4 c5 15. dxc5 Bxc5 16. b4 Bd6 17. Be3 Rb7 18. Nc4 Bc7 19. Na5 Bxa5 20. Qxa5 Qxa5 21. bxa5 Rc8 22. Rec1 Be4 23. a6 Rd7 24. Bxe4 Nxe4 25. Rab1 Rcc7 26. c4 dxc4 27. Rb4 Nd6 28. Bf4 f6 29. Kg2 e5 30. Be3 Kf7 31. Rc3 Rc6 32. Ra4 Ke6 33. f3 Rdc7 34. Kf2 Nb5 35. Rc2 c3 36. Ke1 Nd6 37. Bc1 Rc4 38. Ra5 R7c6 39. e3 h5 40. Ke2 Nc8 41. Kd3 Nb6 42. e4 Rd4+ 43. Ke2 Rdc4 44. Be3 Na4 45. Kd3 Nb2+ 46. Ke2 Rc7 47. Rb5 Ra4 48. Rb7 Rc6 49. Rxa7 Rcxa6 50. Rxa6+ Rxa6 51. Rxc3 Rxa2 52. Rc2 Na4 53. Rxa2 Nc3+ 54. Kd3 Nxa2 55. Kc4 f5 56. Kb3 f4 57. gxf4 exf4 58. Bxf4 g6 1-0

[Event "Titled Tue 1st Apr Late"]
[Site "chess.com INT"]
[Date "2025.04.01"]
[Round "4"]
[White "Le, Quang Liem"]
[Black "Samunenkov, Ihor"]
[Result "1-0"]
[WhiteElo "2729"]
[BlackElo "2572"]
[PlyCount "67"]
[EventDate "2025.04.01"]

1. Nf3 d5 2. e3 Nf6 3. c4 e6 4. b3 Bd6 5. Bb2 O-O 6. Nc3 c6 7. Be2 e5 8. cxd5 cxd5 9. Nb5 Nc6 10. Nxd6 Qxd6 11. d4 e4 12. Ne5 Nd7 13. Nxc6 bxc6 14. Qc1 $146 ({RR} 14. Qd2 Re8 15. Qa5 Qg6 16. O-O Nf8 17. Rfc1 Bh3 18. Bf1 Bd7 19. Qc7 Rec8 20. Qg3 Qxg3 21. hxg3 a5 22. Ba3 h5 23. Be2 g6 24. f3 Re8 25. Kf2 Kg7 26. Rc3 Ne6 27. Bd6 f6 28. a4 Nd8 {Leisch,L (2394)-Basso,P (2570) Bojnice 2020 ½-½ (75)}) ({RR} 14. O-O Re8 15. Rc1 a5 16. Rc3 Re6 17. f4 exf3 18. Bxf3 Nf6 19. Qc1 a4 20. Ba3 Qd7 21. Rf2 axb3 22. Rxb3 Ba6 23. Rfb2 Ree8 24. Bc5 Bc4 25. Ra3 Rxa3 26. Bxa3 h5 27. Bb4 Ra8 28. a3 Qf5 {Nepomniachtchi,I (2784)-Giri,A (2764) chess24.com INT 2020 ½-½ (65)}) ({RR} 14. Qd2 Re8 15. a4 Re6 16. Ba3 Qb8 17. O-O Rh6 18. h3 Nf6 19. Qb4 Qxb4 20. Bxb4 Nd7 21. Ba5 f5 22. Rfc1 Kf7 23. b4 a6 24. Bd8 Re6 25. b5 axb5 26. axb5 Rxa1 27. Rxa1 cxb5 28. Bxb5 Nf6 {Keymer,V (2719)-Quesada Perez,Y (2591) chess.com INT 2025 1-0 (39)}) ({RR} 14. Qd2 a5 15. a4 Re8 16. O-O Re6 17. Ba3 Qc7 18. Rfc1 Rh6 19. g3 Nf6 20. Bf1 Bh3 21. Qe2 Qd7 22. f3 Re8 23. Ra2 exf3 24. Qxf3 Bg4 25. Qf2 Ne4 26. Qe1 Ng5 27. Qxa5 Qe6 28. Qc3 Qe4 {Sismeiro,M (2203)-Santos,J (2342) Gaia 2021 0-1 (35)}) 14... Re8 15. Ba3 Qg6 16. O-O a5 17. Kh1 Ba6 18. Bxa6 Rxa6 19. f4 exf3 20. gxf3 Qd3 21. Re1 h5 22. Bd6 Re6 23. Bf4 c5 24. Qb2 Qf5 25. Rad1 g5 26. Rg1 f6 27. dxc5 Rac6 28. Qg2 Kf7 29. h4 Rxc5 30. hxg5 Rc2 31. Rxd5 Ne5 32. Qg3 fxg5 33. Bxe5 h4 34. Qg4 1-0

[Event "Titled Tue 1st Apr Late"]
[Site "chess.com INT"]
[Date "2025.04.01"]
[Round "6"]
[White "Le, Quang Liem"]
[Black "Tang, Andrew"]
[Result "1-0"]
[WhiteElo "2729"]
[BlackElo "2529"]
[PlyCount "48"]
[EventDate "2025.04.01"]

1. Nf3 d5 2. e3 Nf6 3. c4 e6 4. b3 b6 5. Bb2 Bb7 6. Nc3 Nbd7 7. Rc1 a6 8. cxd5 exd5 9. Ne2 Bd6 10. g3 O-O 11. Bg2 Re8 12. O-O Rc8 13. Nf4 $146 ({RR} 13. d4 Qe7 14. Nf4 Ne4 15. Rc2 a5 16. Qc1 a4 17. bxa4 Ra8 18. Ne5 Rxa4 19. Nc6 Bxc6 20. Rxc6 Ndf6 21. a3 h6 22. Qc2 Ra5 23. Re1 Bxa3 24. Rxc7 Qb4 25. Nd3 Qb5 26. Bxa3 Rxa3 27. Ne5 Qa5 {Blohberger,F (2534)-Hasanagic,A (2308) Zagreb CRO 2023 1-0 (44)}) ({RR} 13. d4 Qe7 14. Nf4 Ne4 15. Rc2 a5 16. Qc1 a4 17. bxa4 Ra8 18. Ne5 Rxa4 19. Nc6 Bxc6 20. Rxc6 Ndf6 21. a3 h6 22. Qc2 Ra5 23. Re1 Bxa3 24. Rxc7 Qb4 25. Nd3 Qb5 26. Bxa3 Rxa3 27. Ne5 Qa5 {Blohberger,F (2534)-Hasanagic,A (2308) Zagreb CRO 2023 1-0 (44)}) 13... c5 14. d4 c4 15. Ne5 b5 16. bxc4 bxc4 17. Rb1 Qc7 18. Nxd7 Nxd7 19. Nxd5 Bxd5 20. Bxd5 c3 21. Rc1 Qa5 22. Qh5 Bb4 23. Bxf7+ Kf8 24. Bxe8 Rxe8 1-0

[Event "Titled Tue 1st Apr Late"]
[Site "chess.com INT"]
[Date "2025.04.01"]
[Round "6"]
[White "Shuvalova, Polina"]
[Black "Abasov, N."]
[Result "1-0"]
[WhiteElo "2500"]
[BlackElo "2620"]
[PlyCount "131"]
[EventDate "2025.04.01"]

1. Nf3 Nf6 2. g3 c5 3. Bg2 Nc6 4. O-O e5 5. d3 d5 6. e4 d4 7. Nbd2 Bd6 8. Nc4 Bc7 9. a4 O-O 10. Nh4 Be6 ({RR} 10... Rb8 11. Nf5 a6 12. f4 exf4 13. Bxf4 Bxf4 14. Rxf4 Bxf5 15. Rxf5 Nd7 16. e5 Qc7 17. Qh5 b5 18. axb5 axb5 19. Ra6 Ne7 20. Rg5 bxc4 21. Rh6 Ng6 22. Rgxg6 Qxe5 23. Rg5 Qe3+ 24. Kf1 Rxb2 25. Rxg7+ {Naroditsky,D (2622)-Sjugirov,S (2665) Chess.com INT 2019 0-1 (37)}) 11. b3 a6 12. f4 exf4 13. Bxf4 $146 ({RR} 13. Nf5 fxg3 14. hxg3 b5 15. axb5 axb5 16. Rxa8 Qxa8 17. Ncd6 Bxf5 18. Nxf5 Be5 19. g4 Qd8 20. g5 Ne8 21. Bh3 Nd6 22. Qg4 Ne7 23. Ba3 Ndxf5 24. exf5 Nd5 25. f6 Ne3 26. Qe4 Re8 27. Qc6 Nxf1 {Henriquez Villagra,C (2626)-Khamdamova,A (2140) chess.com INT 2023 1-0 (46)}) ({RR} 13. Nf5 fxg3 14. hxg3 b5 15. axb5 axb5 16. Rxa8 Qxa8 17. Ncd6 Bxf5 18. Nxf5 Be5 19. g4 Qd8 20. g5 Ne8 21. Bh3 Nd6 22. Qg4 Ne7 23. Ba3 Ndxf5 24. exf5 Nd5 25. f6 Ne3 26. Qe4 Re8 27. Qc6 Nxf1 {Henriquez Villagra,C (2626)-Khamdamova,A (2140) chess.com INT 2023 1-0 (46)}) 13... Bxf4 14. gxf4 Nxe4 15. Bxe4 Qxh4 16. f5 Bxc4 17. bxc4 Rae8 18. Rb1 Nb4 19. Rf2 f6 20. Qf3 b6 21. Kh1 Re7 22. Rg1 Rfe8 23. Rfg2 Kh8 24. Rg3 Qh6 25. Rh3 Qd2 26. Qh5 h6 27. Qg6 Nxc2 28. Rg2 Qc1+ 29. Rg1 Qf4 30. Rf3 Qc7 31. Rh3 Qf4 32. Rf3 Qd6 33. Rh3 Ne3 34. Rh4 Rb8 35. Rg3 b5 36. Rgh3 Qd7 37. Rxh6+ gxh6 38. Rxh6+ Rh7 39. Qxf6+ Qg7 40. Rxh7+ Kxh7 41. Qd6 Qf8 42. f6+ Kh8 43. Qg3 Qxf6 44. Qxb8+ Kg7 45. Qc7+ Kh6 46. Qg3 bxa4 47. Qh3+ Kg7 48. Qg3+ Kf8 49. Qb8+ Kg7 50. Qg3+ Kh8 51. Qh3+ Kg8 52. Qg3+ Kf8 53. Qb8+ Kf7 54. Qc7+ Qe7 55. Qf4+ Kg7 56. Qg3+ Kf8 57. Qf4+ Qf7 58. Qb8+ Ke7 59. Qc7+ Kf6 60. Qf4+ Kg7 61. Qg3+ Kh8 62. Qh4+ Kg8 63. Qg3+ Qg7 64. Qb8+ Kf7 65. Qc7+ Kf6 66. Qxc5 1-0

[Event "Titled Tue 1st Apr Late"]
[Site "chess.com INT"]
[Date "2025.04.01"]
[Round "8"]
[White "Le, Quang Liem"]
[Black "Svane, R."]
[Result "1-0"]
[WhiteElo "2729"]
[BlackElo "2625"]
[PlyCount "57"]
[EventDate "2025.04.01"]

1. Nf3 d5 2. e3 Nf6 3. c4 e6 4. b3 a6 5. Bb2 c5 6. Nc3 Nc6 7. cxd5 exd5 8. d4 Bg4 9. Be2 Bxf3 10. Bxf3 cxd4 11. exd4 Bb4 12. O-O O-O $146 ({RR} 12... Bxc3 13. Bxc3 O-O 14. Re1 Qd6 15. Qd3 Rfe8 16. Re3 Kf8 17. Rae1 Rxe3 18. fxe3 Re8 19. Bd2 Ne4 20. Bc1 Kg8 21. Rf1 g6 22. a3 Na5 23. Bd1 Rc8 24. Bd2 Qxa3 25. Bxa5 Qxa5 26. Bf3 Rc3 27. Qd1 {Jain,K (2300)-Khabinets,I (1980) Chess.com INT 2022 0-1 (32)}) ({RR} 12... Bxc3 13. Bxc3 O-O 14. Re1 Qd6 15. Qd3 Rfe8 16. Re3 Kf8 17. Rae1 Rxe3 18. fxe3 Re8 19. Bd2 Ne4 20. Bc1 Kg8 21. Rf1 g6 22. a3 Na5 23. Bd1 Rc8 24. Bd2 Qxa3 25. Bxa5 Qxa5 26. Bf3 Rc3 27. Qd1 {Jain,K (2300)-Khabinets,I (1980) Chess.com INT 2022 0-1 (32)}) 13. Rc1 Rc8 14. Na4 b6 15. Qd3 b5 16. Nc5 Qa5 17. Rc2 Ba3 18. Nb7 Qb4 19. Bc3 Qe7 20. Nc5 Bxc5 21. dxc5 d4 22. Bxd4 Nb4 23. Qe2 Qc7 24. Rd2 Rfe8 25. Qd1 Qf4 26. g3 Qf5 27. Bxf6 Qxf6 28. a3 Rxc5 29. axb4 1-0

[Event "Titled Tue 1st Apr Late"]
[Site "chess.com INT"]
[Date "2025.04.01"]
[Round "10"]
[White "Deac, Bogdan-Daniel"]
[Black "Rasulov, Vu"]
[Result "1-0"]
[WhiteElo "2668"]
[BlackElo "2505"]
[PlyCount "59"]
[EventDate "2025.04.01"]

1. Nf3 a6 2. e4 e6 3. d4 d5 4. Nc3 Nf6 5. Bd3 c5 6. exd5 exd5 7. Qe2+ ({RR} 7. dxc5 Bxc5 8. O-O O-O 9. Bg5 Be6 10. Ne2 Nc6 11. c3 Bg4 12. Nf4 h6 13. Bxf6 Qxf6 14. Nxd5 Qd6 15. c4 Ne5 16. Be2 Bxf3 17. Bxf3 Nxc4 18. Rc1 Ne5 19. Qb3 b6 20. Rfd1 Rac8 21. Be2 a5 {Vachier Lagrave,M (2727)-Radjabov,T (2745) Kolkata IND 2023 ½-½ (38)}) ({RR} 7. dxc5 Bxc5 8. O-O O-O 9. Bg5 Be6 10. Qd2 Re8 11. Rfe1 Nbd7 12. Rad1 h6 13. Bh4 Rc8 14. a3 Qc7 15. Bg3 Qc6 16. Ne2 Bg4 17. Qf4 Qb6 18. b4 Bf8 19. h3 Bh5 20. Ned4 g5 21. Nxg5 Bxd1 {Kistrup,N (2356)-Deac,B (2692) Eforie Nord ROU 2025 ½-½ (44)}) 7... Be7 8. dxc5 O-O 9. Bg5 h6 $146 ({RR} 9... Nc6 10. O-O-O Be6 11. Bc4 Re8 12. Bxf6 Bxf6 13. Nxd5 Bxd5 14. Rxd5 Bxb2+ 15. Kxb2 Qf6+ 16. Ne5 Nxe5 17. Kb1 b5 18. Re1 bxc4 19. Rxe5 Rab8+ 20. Kc1 Rf8 21. Qxc4 {½-½ (21) Todorovic,J (2411)-Kalezic,B (2416) Ulcinj 2014}) 10. Bh4 Nc6 11. O-O Bg4 12. Rfe1 Bxc5 13. Bxf6 Qxf6 14. Nxd5 Qxb2 15. Qe4 f5 16. Qe6+ Kh7 17. Nh4 Nd4 18. Qg6+ Kh8 19. Reb1 Qa3 20. Rxb7 Ne6 21. Qxe6 Bxf2+ 22. Kxf2 Qc5+ 23. Kf1 Rfe8 24. Qf7 Qd4 25. Rab1 Rad8 26. R7b4 Qxd5 27. Qxd5 Rxd5 28. h3 Bh5 29. Rb8 g5 30. Nxf5 1-0

[Event "Titled Tue 8th Apr Early"]
[Site "chess.com INT"]
[Date "2025.04.08"]
[Round "4"]
[White "Pranesh, M."]
[Black "Kobalia, M."]
[Result "1-0"]
[WhiteElo "2572"]
[BlackElo "2538"]
[PlyCount "53"]
[EventDate "2025.04.08"]

1. Nf3 d5 2. g3 g6 3. Bg2 Bg7 4. O-O e5 5. d3 Ne7 6. c4 dxc4 7. Qa4+ Nbc6 8. Qxc4 O-O 9. Nc3 Be6 10. Qa4 Nd4 $146 ({RR} 10... h6 11. Nd2 Qd4 12. Qd1 Qg4 13. f4 Rad8 14. Nde4 Qh5 15. Bf3 Qh3 16. Nf2 Qf5 17. Bg4 Qxg4 18. Nxg4 Bxg4 19. Kg2 Rfe8 20. h3 Be6 21. Bd2 f5 22. fxe5 Nxe5 23. Qa4 Nd5 24. Rae1 Nc6 25. Kh2 {Steinbaum,F-Amado,C Buenos Aires 1973 1-0 (48)}) ({RR} 10... h6 11. Be3 Nf5 12. Rac1 Nxe3 13. fxe3 h5 14. Qb5 Bh6 15. Qxb7 Bxe3+ 16. Kh1 Bxc1 17. Qxc6 Bxb2 18. Nxe5 Qd4 19. Nxg6 Qxc3 20. Qxc3 Bxc3 21. Nxf8 Rxf8 22. Rc1 Ba5 23. e3 Bb6 24. d4 Bxa2 25. h4 {Stojanovski,S (2169)-Sai,K (2402) chess.com INT 2024 0-1 (32)}) 11. Nxd4 exd4 12. Ne4 Bd5 13. Bg5 f6 14. Bf4 f5 15. Ng5 Bxg2 16. Kxg2 Qd5+ 17. Nf3 c6 18. Rac1 h6 19. h4 Rfe8 20. b4 Qd7 21. Be5 Bxe5 22. Nxe5 Qe6 23. Nf3 Qxe2 24. Qb3+ Nd5 25. Rfe1 Kg7 26. Rxe2 Rxe2 27. Nxd4 1-0

[Event "Titled Tue 8th Apr Early"]
[Site "chess.com INT"]
[Date "2025.04.08"]
[Round "4"]
[White "Nihal, Sarin"]
[Black "Shankland, S."]
[Result "1-0"]
[WhiteElo "2687"]
[BlackElo "2670"]
[PlyCount "81"]
[EventDate "2025.04.08"]

1. Nf3 d5 2. e3 Nf6 3. b4 Bg4 4. Bb2 e6 5. b5 Bd6 6. Be2 Nbd7 7. h3 Bh5 8. O-O O-O $146 ({RR} 8... c5 9. c4 O-O 10. d3 Rc8 11. Nbd2 Bb8 12. Ne1 Bxe2 13. Qxe2 dxc4 14. Nxc4 Nd5 15. f4 Qh4 16. Nf3 Qg3 17. Ng5 h6 18. Rf3 Qh4 19. Ne4 Qe7 20. Rg3 g6 21. Qh5 Kh7 22. Qf3 N7f6 23. h4 {Freiberger,J (1879)-Ruerup,H (1894) Lieme 2002 1-0 (40)}) 9. c4 dxc4 10. Bxc4 e5 11. Be2 Qe7 12. d3 Rad8 13. Nbd2 Nc5 14. Qc2 Bg6 15. Nh4 b6 16. Nxg6 hxg6 17. Rfd1 Nd5 18. a3 Qe6 19. Nc4 Rd7 20. d4 exd4 21. Rxd4 Be7 22. Rad1 Rfd8 23. Bf3 Nf6 24. Ne5 Rxd4 25. exd4 Qb3 26. Qxb3 Nxb3 27. Nc6 Rd7 28. Nxa7 Nd5 29. Nc6 Bf6 30. Ne5 Rd6 31. Nc4 Rd8 32. Rd3 Na5 33. Nxa5 bxa5 34. a4 Nb6 35. Bd1 Nc4 36. Bc3 g5 37. Bb3 Nb6 38. Kf1 g6 39. Bxa5 Rxd4 40. Rxd4 Bxd4 41. Bd2 1-0

[Event "Titled Tue 8th Apr Early"]
[Site "chess.com INT"]
[Date "2025.04.08"]
[Round "6"]
[White "Svane, R."]
[Black "Alonso Rosell, A."]
[Result "1-0"]
[WhiteElo "2625"]
[BlackElo "2546"]
[PlyCount "55"]
[EventDate "2025.04.08"]

1. Nf3 Nf6 2. g3 c5 3. Bg2 Nc6 4. c4 d6 5. Nc3 g6 ({RR} 5... Bd7 6. b3 e6 7. O-O Be7 8. d4 cxd4 9. Nxd4 a6 10. Bb2 O-O 11. Ne4 Nxe4 12. Bxe4 Nxd4 13. Qxd4 Bf6 14. Qd2 Bxb2 15. Qxb2 Bc6 16. Qd4 Bxe4 17. Qxe4 Qc7 18. Rfd1 Rad8 19. Rd4 Rd7 20. Qd3 {Seirawan,Y (2621)-Schmaltz,R (2522) Enschede 2004 1-0 (53)}) 6. b3 ({RR} 6. d4 cxd4 7. Nxd4 Bg7 8. Nxc6 bxc6 9. Bxc6+ Bd7 10. Bxa8 Qxa8 11. O-O Bh3 12. f3 Bxf1 13. Kxf1 O-O 14. Bg5 a5 15. Qd2 Rb8 16. b3 a4 17. Rb1 axb3 18. axb3 Qc6 19. Bxf6 Bxf6 20. Nd5 Kg7 {Bielinski,D (2153)-Srebrnic,A (2149) chess.com INT 2024 1-0 (47)}) 6... Bg7 7. Bb2 Bf5 $146 ({RR} 7... O-O 8. Nd5 e5 9. O-O Be6 10. Ne1 Qd7 11. e3 Bh3 12. f3 Bxg2 13. Kxg2 Nxd5 14. cxd5 Ne7 15. e4 f5 16. d3 f4 17. g4 g5 18. Nc2 Ng6 19. Rh1 Nh4+ 20. Kf2 h5 21. h3 hxg4 22. hxg4 {Bister,H-Block,H (1615) Bad Woerishofen 2000 0-1 (42)}) ({RR} 7... O-O 8. d3 b6 9. O-O Bb7 10. e3 Rb8 11. d4 e6 12. Rb1 cxd4 13. exd4 d5 14. Ne5 Nxe5 15. dxe5 Nd7 16. cxd5 exd5 17. f4 Nc5 18. Nxd5 Bxd5 19. Bxd5 Ne6 20. Ba3 Nc5 21. b4 Ne6 22. Rc1 {Tembo,E (1751)-Oberholzer,I (1546) Brakpan 2017 1-0 (43)}) 8. Rc1 Ne4 9. d3 Nxc3 10. Bxc3 Bxc3+ 11. Rxc3 Qd7 12. d4 cxd4 13. Nxd4 Bh3 14. O-O Bxg2 15. Kxg2 O-O 16. Nc2 Rfc8 17. Ne3 Qd8 18. Qd2 Qa5 19. Rfc1 Re8 20. Nd5 Rac8 21. h4 Qd8 22. Qf4 f5 23. h5 e6 24. hxg6 exd5 25. gxh7+ Kh8 26. cxd5 Ne7 27. Qd4+ Kxh7 28. Qf6 1-0

[Event "Titled Tue 8th Apr Early"]
[Site "chess.com INT"]
[Date "2025.04.08"]
[Round "6"]
[White "Stremavicius, T."]
[Black "Duda, J."]
[Result "1-0"]
[WhiteElo "2551"]
[BlackElo "2739"]
[PlyCount "83"]
[EventDate "2025.04.08"]

1. Nf3 d6 2. d4 Nf6 3. Nbd2 Nbd7 4. e4 e5 5. c3 Be7 6. a4 O-O 7. Bd3 Re8 8. O-O c6 9. a5 $146 ({RR} 9. Re1 Qc7 10. Nf1 Nf8 11. Ng3 Ne6 12. dxe5 dxe5 13. Bc4 h6 14. Nf5 Bf8 15. g3 Kh7 16. Qc2 g6 17. Ne3 Nc5 18. Nd2 Bh3 19. b4 Ne6 20. Bf1 Bxf1 21. Kxf1 Rad8 22. Kg2 Qc8 23. h4 Nh5 {Littleton,M (1888)-Gregory,K (2011) Bournemouth 2015 0-1}) 9... Nf8 10. Re1 Ng6 11. Bf1 Bf8 12. b4 Qc7 13. dxe5 dxe5 14. Nc4 Be6 15. h3 b5 16. axb6 axb6 17. Rxa8 Rxa8 18. Bg5 Nd7 19. Qd2 b5 20. Nb2 Ra2 21. Qc1 h6 22. Be3 Nf6 23. Nd2 Nf4 24. Qb1 Qb8 25. Bxf4 exf4 26. e5 Nd7 27. Nf3 Ra3 28. Nd3 Bd5 29. Qc1 Ra2 30. Qxf4 Rc2 31. Qd4 Qb6 32. Ra1 Qxd4 33. cxd4 g5 34. h4 g4 35. Nfe1 Rc4 36. Nc5 Rxd4 37. Nxd7 Bxb4 38. Nc2 Bc3 39. Ra8+ Kg7 40. Nxd4 Bxd4 41. Nf6 Kg6 42. Bd3+ 1-0